000 01465nam a22001577a 4500
041 _aukr
080 _a09
090 _bВІТ
100 _aВітюк О. В.
245 _aВплив соціокультурних та соціолінгвістичних процесів на оволодіння мовою
260 _aОстрог
_bКАФ
_c2003
300 _a53
520 _aРозділ 1. Соціальна лінгвістика як наука. 1.1. Історія розвитку соціолінгвістики. 1.2. Теоретичні аспекти соціолінгвістики. 1.3. Основні операційні одиниці соціолінгвістичного дослідження. Розділ 2. Особливості вивчення іммігрантами та членами етнічних груп англійської як другої мови. 2.1. Причини появи багатомовних спільнот. 2.2. Мовна терпимість та мовна зміна. 2.3. Соціокультурний контекст у навчанні. 2.4. Роль сімї в оволодінні мовою і статус першої мови. 2.5. Вивчення мови іммігрантами у американських та британських школах.
_0соціолінгвістика, соціокультура, мова
650 _aResearch Papers
999 _c281828
_d281828
942 _cBK